नरम गरम (Record no. 1233483)

MARC details
000 -LEADER
fixed length control field 00562nam a2200193Ia 4500
008 - FIXED-LENGTH DATA ELEMENTS--GENERAL INFORMATION
fixed length control field 151121s9999||||xx |||||||||||||| ||und||
082 ## - DEWEY DECIMAL CLASSIFICATION NUMBER
Classification number 833-/शर्मा
082 ## - DEWEY DECIMAL CLASSIFICATION NUMBER
Item number HNW-47398
100 ## - MAIN ENTRY--PERSONAL NAME
Personal name शर्मा रतन लाल
245 ## - TITLE STATEMENT
Title नरम गरम
260 ## - PUBLICATION, DISTRIBUTION, ETC. (IMPRINT)
Name of publisher, distributor, etc "किताबघर, दिल्ली।"
260 ## - PUBLICATION, DISTRIBUTION, ETC. (IMPRINT)
Date of publication, distribution, etc --
300 ## - PHYSICAL DESCRIPTION
Extent 146
600 ## - SUBJECT ADDED ENTRY--PERSONAL NAME
Personal name शर्मा रतन लाल
630 ## - SUBJECT ADDED ENTRY--UNIFORM TITLE
Uniform title नरम गरम
700 ## - ADDED ENTRY--PERSONAL NAME
Personal name शर्मा रतन लाल
730 ## - ADDED ENTRY--UNIFORM TITLE
Uniform title नरम गरम
942 ## - ADDED ENTRY ELEMENTS (KOHA)
Koha item type Book
Holdings
Withdrawn status Lost status Damaged status Not for loan Home library Current library Date acquired Cost, normal purchase price Total Checkouts Full call number Barcode Date last seen Cost, replacement price Price effective from Koha item type
        Hirachand Nemchand Wachanalaya, Solapur Hirachand Nemchand Wachanalaya, Solapur 11/21/2015 15.00   HNW-47398 HNW-47398 11/21/2015 15.00 11/21/2015 Book